000 00965nam a22003617a 4500
003 OSt
008 150215b xxu||||| |||| 00| 0 eng d
100 1 _aWierenga,Theron
041 _aeng
245 1 0 _aThe Gold Rush Mail Agents to California and Their Postal Markings, 1849-1852
260 _aMuskegon, MI
_bT. Wierenga
_c1987
300 _a0 pages
650 0 _aUnited States
650 0 _aCalifornia
650 0 _aGold Rush
650 0 _aMaritime Mail
650 0 _aShipping Companies and Packet Service
650 0 _aPostal Routes
650 0 _aPostal History
650 0 _aPostal Markings
650 0 _a1849-1852
650 0 _a19th Century
650 0 _aCovers
650 0 _aPostal Laws and Regulations
650 0 _aLaws and Regulations
650 0 _aPostal Conventions
650 0 _aTransportation of Mail
650 0 _aMail Agents
650 0 _aBibliographies
650 0 _aPanama
650 0 _aColombia
650 0 _aNew Granada
999 _c844
_d844